Score 0/42 Timer 07:00
1 Play Today
Author Name % Correct
J. K. RowlingJoanne (Jo)
89.7%
J. R. R. TolkienJohn
79.4%
T. S. EliotThomas (Tom)
70.2%
E. E. CummingsEdward
59.1%
E. M. ForsterEdward
59.1%
D. H. LawrenceDavid
54.1%
J. D. SalingerDavid
54.1%
C. S. LewisClive (Jack)
37.3%
J. R. R. TolkienRonald
28.2%
J. K. RowlingKathleen
27.2%
L. M. MontgomeryLucy
27%
L. M. MontgomeryMaud
24.8%
A. J. LieblingJoseph
23.7%
S. J. PerelmanJoseph
23.7%
C. S. LewisStaples
23.2%
D. H. LawrenceHerbert
19.3%
E. L. DoctorowEdgar
19.2%
T. S. EliotStearns
19.1%
E. NesbitEdith
18%
E. L. DoctorowLawrence
17.2%
G. K. ChestertonKeith
17%
Author Name % Correct
W. H. AudenHugh
16.2%
J. R. R. TolkienReuel
15.6%
J. D. SalingerJerome
13.8%
G. K. ChestertonGilbert
12.7%
W. H. AudenWystan
12.3%
A. S. ByattSusan
11.4%
P. D. JamesPhyllis
11.2%
P. G. WodehousePelham
10.7%
A. S. ByattAntonia
10.5%
P. D. JamesDorothy
9.8%
P. G. WodehouseGrenville
9.3%
E. M. ForsterMorgan
8.3%
E. E. CummingsEstlin
8.2%
T. H. WhiteTerence
7.6%
E. B. WhiteBrooks
6.8%
E. B. WhiteElwyn
6.5%
S. J. PerelmanSidney
5.8%
V. S. NaipaulVidiadhar (Vidia)
4.6%
T. H. WhiteHanbury
4.2%
A. J. LieblingAbbott
3.8%
V. S. NaipaulSurajprasad
3.4%
Remove Ads.
Support Sporcle.
Get the best of Sporcle when you Go Orange. This ad-free experience offers more features, more stats, and more fun while also helping to support Sporcle. Thank you for becoming a member.

You're not logged in!

Compare scores with friends on all Sporcle quizzes.
OR
Log In

Show Comments

Extras

Top Quizzes Today


Score Distribution

Your Account Isn't Verified!

In order to create a playlist on Sporcle, you need to verify the email address you used during registration. Go to your Sporcle Settings to finish the process.

Report this User

Report this user for behavior that violates our Community Guidelines.

Details: